<?xml version="1.0" encoding="UTF-8"?><?xml-stylesheet type="text/xsl" href="static/style.xsl"?><OAI-PMH xmlns="http://www.openarchives.org/OAI/2.0/" xmlns:xsi="http://www.w3.org/2001/XMLSchema-instance" xsi:schemaLocation="http://www.openarchives.org/OAI/2.0/ http://www.openarchives.org/OAI/2.0/OAI-PMH.xsd"><responseDate>2026-04-13T02:21:55Z</responseDate><request verb="GetRecord" identifier="oai:www.recercat.cat:2117/445668" metadataPrefix="marc">https://recercat.cat/oai/request</request><GetRecord><record><header><identifier>oai:recercat.cat:2117/445668</identifier><datestamp>2025-11-08T09:43:43Z</datestamp><setSpec>com_2072_1033</setSpec><setSpec>col_2072_452951</setSpec></header><metadata><record xmlns="http://www.loc.gov/MARC21/slim" xmlns:dcterms="http://purl.org/dc/terms/" xmlns:xsi="http://www.w3.org/2001/XMLSchema-instance" xmlns:doc="http://www.lyncode.com/xoai" xsi:schemaLocation="http://www.loc.gov/MARC21/slim http://www.loc.gov/standards/marcxml/schema/MARC21slim.xsd">
   <leader>00925njm 22002777a 4500</leader>
   <datafield ind2=" " ind1=" " tag="042">
      <subfield code="a">dc</subfield>
   </datafield>
   <datafield ind2=" " ind1=" " tag="720">
      <subfield code="a">Susic Grau, Claudia</subfield>
      <subfield code="e">author</subfield>
   </datafield>
   <datafield ind2=" " ind1=" " tag="260">
      <subfield code="c">2025-07-11</subfield>
   </datafield>
   <datafield ind2=" " ind1=" " tag="520">
      <subfield code="a">The present project aims to design, implement, and validate a RAIM algorithm with fault detection and exclusion capabilities. It is oriented towards its application in aeronautical navigation as a local alternative to positioning systems that rely on external augmentation services such as SBAS and GBAS, whose coverage is geographically limited. The algorithm has been designed for use in PA and NPA navigation modes supported by SBAS and also implements SPS, employing code measurements smoothed with a Hatch Filter. The algorithm has been developed in Fortran 77 in conjunction with the tool gLAB, which is currently under development by the gAGE research group. This tool has been used for the processing of the datasets and validation of the results. The implementation ensures a suitable computational cost for academic environments. The project workflow has been structured into several phases. First, a critical review of the concept of integrity in satellite navigation is carried out, taking into account the requirements established by ICAO and previous studies conducted by the gAGE group. Subsequently, the RAIM-FDE algorithm has been formulated using the WLS estimator to solve the navigation equations. Protection levels are established by aeronautical standards. The algorithm provides, for each epoch, the system status, including conditions of unavailability or flags for cases that require a missed approach. The validation has been conducted using real GNSS data from permanent stations in the IGS network. Specifically, the NASA Goddard station for the date 10/07/2023, when the so-called Feared Event involving GPS satellite with PRN 1 occurred. This allowed the evaluation of the effectiveness of the algorithm in excluding faulty satellites. Furthermore, a comparative analysis is performed across different scenarios (single/dual-frequency and single/multi-constellation) to assess the capabilities and limitations of RAIM. Finally, economic and environmental aspects related to the development of the project are also considered. The results obtained demonstrate that the proposed algorithm, capable of detecting and excluding faulty satellites, meets the integrity requirements under dual-frequency and multi-constellation scenarios, providing appropriate levels of integrity and availability for en-route applications. However, the scope of this work has been limited to PA, NPA, and SPP navigation modes and does not include advanced techniques such as ARAIM or integration with onboard systems.</subfield>
   </datafield>
   <datafield ind1="8" ind2=" " tag="024">
      <subfield code="a">http://hdl.handle.net/2117/445668</subfield>
   </datafield>
   <datafield tag="653" ind2=" " ind1=" ">
      <subfield code="a">Àrees temàtiques de la UPC::Aeronàutica i espai::Navegació aèria</subfield>
   </datafield>
   <datafield tag="653" ind2=" " ind1=" ">
      <subfield code="a">Computer algorithms</subfield>
   </datafield>
   <datafield tag="653" ind2=" " ind1=" ">
      <subfield code="a">Navigation (Aeronautics)</subfield>
   </datafield>
   <datafield tag="653" ind2=" " ind1=" ">
      <subfield code="a">Global Positioning System</subfield>
   </datafield>
   <datafield tag="653" ind2=" " ind1=" ">
      <subfield code="a">RAIM</subfield>
   </datafield>
   <datafield tag="653" ind2=" " ind1=" ">
      <subfield code="a">Integrity</subfield>
   </datafield>
   <datafield tag="653" ind2=" " ind1=" ">
      <subfield code="a">ICAO</subfield>
   </datafield>
   <datafield tag="653" ind2=" " ind1=" ">
      <subfield code="a">Algorismes computacionals</subfield>
   </datafield>
   <datafield tag="653" ind2=" " ind1=" ">
      <subfield code="a">Navegació aèria</subfield>
   </datafield>
   <datafield tag="653" ind2=" " ind1=" ">
      <subfield code="a">Sistema de posicionament global</subfield>
   </datafield>
   <datafield ind2="0" ind1="0" tag="245">
      <subfield code="a">Design, implementation and testing of algorithms for Receiver Autonomous Integrity Monitoring</subfield>
   </datafield>
</record></metadata></record></GetRecord></OAI-PMH>